| 000 | 00529nam a2200217Ia 4500 | ||
|---|---|---|---|
| 003 | OSt | ||
| 005 | 20230623150357.0 | ||
| 008 | 210423s2016 xx 000 0 und d | ||
| 020 | _a978-93-81714-51-5 | ||
| 040 | _cAL | ||
| 041 | _aeng | ||
| 082 | _a575 RASO | ||
| 100 |
_aRASTOGI (Veer Bala) _9111156 |
||
| 245 | _aOrganic evolution | ||
| 260 |
_aNew Delhi _bMed Tech _c2016 |
||
| 300 |
_ax,405 _bPB |
||
| 365 |
_b799 _cINR |
||
| 650 |
_aEvolution & Genetics _9111157 |
||
| 906 | _aevolution ; Organic | ||
| 942 |
_2ddc _cBK |
||
| 999 |
_c167921 _d167921 |
||